Online
Catalog

Enciclopedia de la gráfica Dominicana: (Record no. 51699)

MARC details
000 -CABECERA
campo de control de longitud fija 01579nam a2200337 a 4500
003 - IDENTIFICADOR DEL NÚMERO DE CONTROL
campo de control DO-SdBNP
005 - FECHA Y HORA DE LA ÚLTIMA TRANSACCIÓN
campo de control 20260305074000.0
007 - CAMPO FIJO DE DESCRIPCIÓN FÍSICA--INFORMACIÓN GENERAL
campo de control de longitud fija ta
008 - DATOS DE LONGITUD FIJA--INFORMACIÓN GENERAL
campo de control de longitud fija 220511e2021 dr |||gre||| 001 0dspa d
020 ## - NÚMERO INTERNACIONAL ESTÁNDAR DEL LIBRO
Número Internacional Estándar del Libro 9789945613926, v.I
020 ## - NÚMERO INTERNACIONAL ESTÁNDAR DEL LIBRO
Número Internacional Estándar del Libro 9789945613933, v.2
040 ## - FUENTE DE LA CATALOGACIÓN
Centro catalogador/agencia de origen DO-SdBNP
Lengua de catalogación spa
Centro/agencia transcriptor BNPHU
082 #4 - NÚMERO DE LA CLASIFICACIÓN DECIMAL DEWEY
Número de edición 22
Número de documento/Ítem G377e
245 10 - MENCIÓN DE TÍTULO
Título Enciclopedia de la gráfica Dominicana:
Resto del título (1844- 1970) /
Mención de responsabilidad, etc. Compilado, Cándido Gerón
260 ## - PUBLICACIÓN, DISTRIBUCIÓN, ETC.
Lugar de publicación, distribución, etc. Santo Domingo :
Nombre del editor, distribuidor, etc. Archivo General de la Nación,
Fecha de publicación, distribución, etc. 2021
300 ## - DESCRIPCIÓN FÍSICA
Extensión 2v. :
Otras características físicas il. ;
Dimensiones 30 cm.
490 ## - MENCIÓN DE SERIE
Mención de serie Archivo General de la Nación;
Designación de volumen o secuencia 422
505 0# - NOTA DE CONTENIDO CON FORMATO
Nota de contenido con formato v.I (1844- 1970).
505 0# - NOTA DE CONTENIDO CON FORMATO
Nota de contenido con formato Precisiones.
Título Introducción.--
-- El arte rupestre hasta las vanguardias.--<br/>
-- Precursores, 1844- 1920.--
-- Generación de 1930.--
-- Generación de 1940.--
-- Generación de 1950.--
-- Generación de 1960.--
-- Artistas extranjeros que contribuyeron al desarrollo de la gráfica dominicana.
505 0# - NOTA DE CONTENIDO CON FORMATO
Nota de contenido con formato v.II (1971- 2020).
505 0# - NOTA DE CONTENIDO CON FORMATO
Nota de contenido con formato Introducción.--
Título Generación de 1970.--
-- Generación de 1980.--
-- Generación de 1990.--
-- Generación de 2000.--
-- Generación de 2020.--
590 ## - NOTA LOCAL (RLIN)
Nota local Inventariado 2022 / MF
650 #4 - PUNTO DE ACCESO ADICIONAL DE MATERIA--TÉRMINO DE MATERIA
9 (RLIN) 43779
Término de materia o nombre geográfico como elemento de entrada Pinturas
Subdivisión general Enciclopedias
Subdivisión geográfica República Dominicana
650 #4 - PUNTO DE ACCESO ADICIONAL DE MATERIA--TÉRMINO DE MATERIA
9 (RLIN) 4906
Término de materia o nombre geográfico como elemento de entrada Artes Gráficas
Subdivisión de forma Obras Ilustradas
650 #4 - PUNTO DE ACCESO ADICIONAL DE MATERIA--TÉRMINO DE MATERIA
9 (RLIN) 34234
Término de materia o nombre geográfico como elemento de entrada Artistas dominicanos
Subdivisión de forma Biografías
Subdivisión cronológica (1844- 2020)
Subdivisión general República Dominicana
700 1# - PUNTO DE ACCESO ADICIONAL--NOMBRE DE PERSONA
Nombre de persona Gerón, Candido,
Fechas asociadas al nombre 1948-
9 (RLIN) 3577
710 2# - PUNTO DE ACCESO ADICIONAL--NOMBRE DE ENTIDAD CORPORATIVA
Nombre de entidad corporativa o nombre de jurisdicción como elemento de entrada Archivo General de la Nación (República Dominicana)
9 (RLIN) 85400
830 ## - PUNTO DE ACCESO ADICIONAL DE SERIE-TÍTULO UNIFORME
Título uniforme Archivo General de la Nación;
Lenguaje de la obra spa
Número de parte o sección de la obra 422
9 (RLIN) 81598
910 ## - DATOS DE OPCIÓN DEL USUARIO (OCLC)
Datos de opción del usuario MFeliz
942 ## - ELEMENTOS DE PUNTO DE ACCESO ADICIONAL (KOHA)
Fuente del sistema de clasificación o colocación Dewey Decimal Classification
Tipo de ítem Koha Libro
Holdings
Estado de retiro Estado de pérdida Fuente del sistema de clasificación o colocación Restricciones de uso No para préstamo Código de colección Localización permanente Ubicación/localización actual Ubicación en estantería Fecha de adquisición Fuente de adquisición Signatura topográfica completa Código de barras Fecha visto por última vez Número de copia Precio válido a partir de Tipo de ítem Koha Total de préstamos
    Dewey Decimal Classification Excluido de préstamo   Patrimonio Dominicano Biblioteca Nacional Pedro Henríquez Ureña Biblioteca Nacional Pedro Henríquez Ureña Depósito 30.03.2022 Depósito legal / Archivo General de la Nación G377e 2022-2006 11.05.2022 v.1 11.05.2022 Libro  
    Dewey Decimal Classification Excluido de préstamo   Patrimonio Dominicano Biblioteca Nacional Pedro Henríquez Ureña Biblioteca Nacional Pedro Henríquez Ureña Depósito 30.03.2022 Depósito legal / Archivo General de la Nación G377e 2022-2007 11.05.2022 v.1,e.2 11.05.2022 Libro  
    Dewey Decimal Classification Préstamo en sala   Dominicana de Servicio Biblioteca Nacional Pedro Henríquez Ureña Biblioteca Nacional Pedro Henríquez Ureña Depósito 30.03.2022 Depósito legal / Archivo General de la Nación G377e 2022-2008 11.05.2022 v.1,e.3 11.05.2022 Libro  
    Dewey Decimal Classification Excluido de préstamo   Patrimonio Dominicano Biblioteca Nacional Pedro Henríquez Ureña Biblioteca Nacional Pedro Henríquez Ureña Depósito 30.03.2022 Depósito legal / Archivo General de la Nación G377e 2022-2012 12.05.2022 v.2 12.05.2022 Libro  
    Dewey Decimal Classification Excluido de préstamo   Patrimonio Dominicano Biblioteca Nacional Pedro Henríquez Ureña Biblioteca Nacional Pedro Henríquez Ureña Depósito 30.03.2022 Depósito legal / Archivo General de la Nación G377e 2022-2013 12.05.2022 v.2,e.2 12.05.2022 Libro  
    Dewey Decimal Classification Préstamo en sala   Dominicana de Servicio Biblioteca Nacional Pedro Henríquez Ureña Biblioteca Nacional Pedro Henríquez Ureña Depósito 30.03.2022 Depósito legal / Archivo General de la Nación G377e 2022-2015 12.05.2022 v.2,e.3 12.05.2022 Libro  

Powered by Koha